| 000 | 00831cam a2200229 4500 | ||
|---|---|---|---|
| 001 | ABS61728 | ||
| 008 | 000000n1999 000 0 eng u | ||
| 035 | _a(Sirsi) u103166 | ||
| 100 | _aBarrie, G. | ||
| 245 | _aFighting fit | ||
| 260 | _c1999 | ||
| 490 |
_aProperty Week _v 64(46) 26 November 1999, 34-35(2) |
||
| 520 | _aThe Confederation of British Industry has found that many property occupiers are not managing their space in an efficient manner. They are not using their property to increase share prices and boost staff productivity. | ||
| 590 | _aABS | ||
| 650 | _aCONFEDERATION OF BRITISH INDUSTRY | ||
| 650 | _aPROPERTY OCCUPIERS | ||
| 650 |
_aProperty management _96262 |
||
| 650 | _aPROPERTY STRATEGY | ||
| 650 | _aFIT FOR THE FUTURE | ||
| 690 | _aPROPERTY MANAGEMENT-CORPORATE REAL ESTATE | ||
| 942 | _n0 | ||
| 999 |
_c62004 _d62004 |
||